| 000 | 00406nam a2200157 i 4500 | ||
|---|---|---|---|
| 001 | bg | ||
| 100 | 1 | _aBRYLL, Grzegorz | |
| 245 | 0 |
_aMatematyka : _blogika, algebra, geometria / _cGrzegorz Bryll, Kościsław Oniszczyk. |
|
| 260 |
_aOpole, _c1978. |
||
| 700 | 1 | _aONISZCZYK, Rościsław | |
| 040 | _cBPK | ||
| 041 | _apol | ||
| 080 | _a51(075.8) | ||
| 942 | _cKS | ||
| 008 | s pl f |000 0 pol | ||
| 999 |
_c9845 _d9845 |
||
| 856 |
_uhttp://koha.tu.koszalin.pl/cgi-bin/koha/opac-detail.pl?biblionumber=9845 _yKatalog online BPK |
||